Statistics for Country Capitals By Letter- B

Click here to take the quiz!

General Stats

  • This quiz has been taken 2,997 times
    (2,989 since last reset)
  • The average score is 18 of 27

Answer Stats

Capital% Correct
Berlin
82%
Brasilia
82%
Bogota
80%
Brussels
80%
Bucharest
80%
Budapest
79%
Belgrade
75%
Bern
75%
Bratislava
75%
Beijing
73%
Buenos Aires
73%
Belmopan
72%
Bangkok
70%
Baghdad
68%
Bamako
68%
Baku
67%
Beirut
65%
Bishkek
63%
Bridgetown
61%
Bangui
60%
Banjul
60%
Bandar Seri Begawan
59%
Brazzaville
57%
Bujumbura
57%
Basseterre
50%
Bissau
45%
Bloemfontein
31%

Score Distribution

Percentile by Number Answered

Percent of People with Each Score

Your Score History

You have not taken this quiz since the last reset